ბათუმის შოთა რუსთაველის სახელმწიფო უნივერსიტეტის ბიბლიოთეკა

Strategic Sales And Sales Mangament. (ბიბ.ჩანაწერი № 45359)

000 -LEADER
fixed length control field 00605nam a2200229Ia 4500
001 - CONTROL NUMBER
control field 12183
003 - CONTROL NUMBER IDENTIFIER
control field GE_BSU
008 - FIXED-LENGTH DATA ELEMENTS--GENERAL INFORMATION
fixed length control field 181216s||||||||xx |||||||||||||| ||und||
020 ## - INTERNATIONAL STANDARD BOOK NUMBER
International Standard Book Number 9780199664610
040 ## - CATALOGING SOURCE
Transcribing agency GE_BSU
080 ## - UNIVERSAL DECIMAL CLASSIFICATION NUMBER
Universal Decimal Classification number 658
245 ## - TITLE STATEMENT
Title Strategic Sales And Sales Mangament.
245 #4 - TITLE STATEMENT
Remainder of title The Oxford Handbook Of.
245 ## - TITLE STATEMENT
Statement of responsibility, etc. Edited by David W.Craveng, Kenneth Le Meunier-Fitzhugh and Nigel f.Piercy.
260 ## - PUBLICATION, DISTRIBUTION, ETC.
Place of publication, distribution, etc. Oxford.
260 ## - PUBLICATION, DISTRIBUTION, ETC.
Name of publisher, distributor, etc. University Press.
260 ## - PUBLICATION, DISTRIBUTION, ETC.
Date of publication, distribution, etc. 2011
300 ## - PHYSICAL DESCRIPTION
Extent 637p;25cm.
653 ## - INDEX TERM--UNCONTROLLED
Uncontrolled term Strategic Sales And Sales Mangament.
942 ## - ADDED ENTRY ELEMENTS (KOHA)
Koha item type წიგნი
ეგზემპლარები
Withdrawn status Lost status Damaged status Not for loan Date acquired Barcode Date last seen Price effective from Koha item type
        2018-12-17 36060 2018-12-17 2018-12-17 წიგნი